=LDR 00000nam 2200000 4500 =001 INLIS000000000010826 =005 20200929072313 =035 ##$$a 0010-061300000010826 =008 200929################g##########0#ind## =041 ##$$a Ind =082 ##$$a 305.863 =090 ##$$a 305.6, Keb k =245 1#$$a keberadaan paguyuban-paguyuban etnis di daerah perantauan dalam menunjang pembinaan persatuan dan kesatuan : $b (Kasus kerukunan keluarga sulawesi selatan di pontianak) /$c Sri Guritno ; Damardjati Kunmarjanto =260 ##$$a Jakarta :$b Depdikbud,$c 1999 =300 ##$$a xi, 94 hlm : $b ilus ; $c 14 x 21 cm =700 #$$a Damardjati Kunmarjanto =850 ##$$a NBPNMAT =084 ##$$a 305.863 GUR k =650 #4$$a Kebudayaan sulawesi selatan pada kelompok etnis =100 #$$a Guritno, Sri =990 ##$$a 152.373/Hd-2000 =990 ##$$a 152.374./Hd-2000 =990 ##$$a 152.375/Hd-2000 =990 ##$$a 152.377/Hd-2000 =990 ##$$a 00030414 =990 ##$$a 152.372/hd-2000